Alle Geist-Pokemon - Statistiken

Allgemein
  • Dieses Quiz wurde 457 mal gespielt
    184 seit der letzten Aktualisierung
  • Das Durchschnittsergebnis liegt bei 45 aus 67
Antwortstatistiken
Pokedex-Nummer Pokemon 2.Typ % Korrekt
094 Gengar Gift
100%
092 Nebulak Gift
100%
093 Alpollo Gift
99%
487 Giratina Drache
91%
609 Skelabra Feuer
91%
302 Zobiris Unlicht
91%
478 Frosdedje Eis
89%
607 Lichtel Feuer
88%
479 Rotom Elektro
87%
200 Traunfugil
86%
429 Traunmagil
86%
356 Zwirrklop
85%
292 Ninjatom Käfer
84%
477 Zwirrfinst
84%
355 Zwirrlicht
84%
425 Driftlon Flug
82%
442 Kryppuk Unlicht
82%
608 Laternecto Feuer
82%
426 Drifzepeli Flug
81%
354 Banette
80%
778 Mimigma Fee
79%
353 Shuppet
79%
709 Trombork Pflanze
75%
593 Apoquallyp Wasser
74%
563 Echnatoll
74%
887 Katapuldra Drache
74%
592 Quabbel Wasser
74%
623 Golgantes Boden
73%
710 Irrbis Pflanze
73%
770 Colossand Boden
72%
622 Golbit Boden
72%
681 Durengard Stahl
71%
562 Makabaja
71%
711 Pumpdjinn Pflanze
71%
724 Silvarro Pflanze
69%
680 Duokles Stahl
68%
769 Sankabuh Boden
68%
885 Grolldra Drache
67%
679 Gramokles Stahl
66%
708 Paragoni Pflanze
66%
802 Marshadow Kampf
64%
886 Phandra Drache
64%
720 Hoopa Psycho
62%
911 Skelokrok Feuer
62%
937 Azugladis Feuer
61%
792 Lunala Psycho
61%
781 Moruda Pflanze
60%
897 Phantoross
60%
741 Choreogel Flug
56%
867 Oghnatoll Boden
56%
854 Fatalitee
55%
806 Kopplosio Feuer
52%
800 Necrozma Psycho
52%
979 Epitaff Kampf
49%
855 Mortipot
49%
987 Flatterhaar Fee
46%
864 Gorgasonn
45%
902 Salmagnis Wasser
45%
1000 Monetigo Stahl
41%
972 Friedwuff
40%
999 Gierspenst
40%
971 Gruff
40%
1025 Infamomo Gift
40%
946 Weherba Pflanze
40%
1013 Fatalitcha Pflanze
39%
947 Horrerba Pflanze
39%
1012 Mortcha Pflanze
38%
Keine übereinstimmenden Quizze gefunden
Verteilung der Resultate
Anzahl Personen mit jedem Resultat
Perzentil nach korrekt beantworteten Fragen
Ihre Resultats-Entwicklung
Sie haben dieses Quiz seit der letzten Aktualisierung nicht gespielt